| 000 | 01300nam a2200349Ia 4500 | ||
|---|---|---|---|
| 001 | dia_2440 | ||
| 003 | CHAP | ||
| 005 | 20240222122909.0 | ||
| 007 | ta | ||
| 008 | 220117s2002 mx abdof 001 0 spa d | ||
| 040 |
_cCHAP _amxchpua |
||
| 090 |
_aT.C.337 _bC67 SAI _c2002 |
||
| 245 | 1 | 0 |
_aSistema agroindustrial limón persa en Martínez de la Torre, Veracruz, para el año 2002 / _ccoordinador Joel Corrales García ; colaboradores Marcelino Espinosa García...[et al.] |
| 260 |
_aMéxico : _bEl autor, _c2002 |
||
| 300 |
_a70 hojas : _bilustraciones, tablas, gráficas, mopas, fotos |
||
| 336 |
_2rdacontent _atexto _btxt |
||
| 337 |
_2rdamedia _asin medio _bn |
||
| 338 |
_2rdacarrier _avolumen _bn |
||
| 500 | _aGrado 6° | ||
| 502 |
_aViaje de Estudios _b(SAI) -- _cUACh. Departamento de Ingeniería Agroindustrial, _d2002 |
||
| 504 | _aBibliografía : hoja 47 | ||
| 650 | 1 | 3 |
_aLimón _9152857 _zMéxico _zVeracruz |
| 650 | 1 | 3 |
_aLemons _9152856 _zMexico _zVeracruz |
| 700 | 1 |
_aCorrales García, José Joel Enrique _9148339 _ecoordinador |
|
| 700 | 1 |
_aEspinosa García, Marcelino _ecolaborador _9152931 |
|
| 901 | _aT.C.337 C67 SAI 2002 | ||
| 902 | _aM | ||
| 905 | _a5232272002 mx bmnd8223123322spa16 | ||
| 942 | _2local | ||
| 942 | _cVE | ||
| 999 |
_c172963 _d172963 |
||